000 00518nam a2200169Ia 4500
008 090711s9999 xx 000 0 und d
082 _b76564
100 _aदेशपांडे व्यंकटेश
245 _aबाई साहेब
260 _c1995
300 _a182
600 _aदेशपांडे व्यंकटेश
630 _aबाई साहेब
700 _aदेशपांडे व्यंकटेश
730 _aबाई साहेब
942 _cBOOK
999 _c299314
_d299314